Cities by photo - Statistics

General Stats
  • This quiz has been taken 14 times
  • The average score is 7 of 16
Answer Stats
Picture Answer % Correct
Abu Dhabi
80%
Medina
80%
Phoenix
80%
Varanasi
80%
Alexandria
50%
Buenos Aires
50%
Macao
50%
Djibouti
40%
Gibraltar
40%
Hamburg
40%
Pristina
40%
Nottingham
30%
Tunis
30%
Konya
20%
Sao Paulo
20%
Irbid
10%
No matching quizzes found
Score Distribution
Percent of People with Each Score
Percentile by Number Answered
Your Score History
You have not taken this quiz